[Event "Krakow Malopolski op"]
[Site "Krakow"]
[Date "2022.06.16"]
[Round "2"]
[White "Borkowski, Adam"]
[Black "Budkiewicz, Magdalena"]
[Result "1-0"]
[WhiteElo "1707"]
[BlackElo "1923"]
[PlyCount "105"]
[EventDate "2022.06.16"]
[EventType "swiss"]
[EventRounds "7"]
[EventCountry "POL"]
[SourceTitle "EXT 2023"]
[Source "ChessBase"]
[SourceDate "2022.10.05"]
[SourceVersion "1"]
[SourceVersionDate "2022.10.05"]
[SourceQuality "1"]

1. d4 Nf6 2. Nf3 g6 3. c4 Bg7 4. g3 0-0 5. Bg2 d6 6. 0-0 Nbd7 7. Nc3 e5 8. dxe5 dxe5 9. Qc2 c6 10. Rd1 Qc7 11. b3 a6 12. Ba3 c5 13. Rac1 Re8 14. e3 Rb8 15. Bb2 b5 16. Nd5 Qa5 17. Bc3 b4 18. Ba1 Nh5 19. e4 Bh6 20. Rb1 Bg7 21. Re1 Bb7 22. Rbd1 Rbd8 23. Bh3 Nb8 24. Bg2 Nc6 25. Kh1 Bc8 26. h3 Nf6 27. Ng1 Nd7 28. Kh2 Nf8 29. Ne2 Ne6 30. Qb1 Ncd4 31. Bxd4 cxd4 32. Nc1 Nc5 33. Nd3 Nxd3 34. Qxd3 f5 35. Re2 Qc5 36. Kh1 fxe4 37. Qxe4 Bf5 38. Qh4 d3 39. Re3 Qd4 40. Ne7+ Rxe7 41. Qxe7 d2 42. Bd5+ Rxd5 43. cxd5 Qxd5+ 44. Kh2 Bc2 45. Qe8+ Bf8 46. Rxe5 Qf3 47. Rxd2 Bf5 48. Rxf5 Qxf5 49. Qd7 Qf6 50. Qd5+ Qf7 51. Kg2 Qxd5+ 52. Rxd5 Bg7 53. Ra5 1-0

[Event "Mazowiec-chT op 2013"]
[Site "Poland"]
[Date "2013.12.08"]
[Round "10.10"]
[White "Chylewski, Patryk"]
[Black "Borkowski, Adam"]
[Result "1/2-1/2"]
[WhiteElo "1704"]
[BlackElo "1816"]
[PlyCount "72"]
[EventDate "2013.09.29"]
[EventType "team-swiss"]
[EventRounds "10"]
[EventCountry "POL"]
[SourceTitle "EXT 2019"]
[Source "ChessBase"]
[SourceDate "2018.10.10"]
[SourceVersion "1"]
[SourceVersionDate "2018.10.10"]
[SourceQuality "1"]

1. e4 c5 2. Nf3 Nc6 3. d4 cxd4 4. Nxd4 Nf6 5. Nc3 e5 6. Ndb5 d6 7. Bg5 a6 8. Bxf6 gxf6 9. Na3 b5 10. Nd5 Bg7 11. c3 f5 12. exf5 Bxf5 13. Be2 0-0 14. h4 Be6 15. g4 Bxd5 16. Qxd5 Ne7 17. Qd2 Ng6 18. h5 Nf4 19. h6 Bf6 20. Nc2 Bg5 21. Kf1 Qf6 22. Ne3 Rad8 23. Nd5 Qg6 24. Nxf4 Bxf4 25. Qd5 Kh8 26. f3 f5 27. Bd3 e4 28. gxf5 Qg3 29. Qd4+ Be5 30. Qxe4 Rg8 31. Qe2 Rde8 32. Qf2 Qg5 33. Rd1 Bg3 34. Qd4+ Be5 35. Qf2 Bg3 36. Qd4+ Be5 1/2-1/2

[Event "Mazowiec-chT op 2013"]
[Site "Poland"]
[Date "2013.10.06"]
[Round "4.15"]
[White "Pajak, Jakub Lech"]
[Black "Borkowski, Adam"]
[Result "1-0"]
[WhiteElo "1722"]
[BlackElo "1816"]
[PlyCount "107"]
[EventDate "2013.09.29"]
[EventType "team-swiss"]
[EventRounds "10"]
[EventCountry "POL"]
[SourceTitle "EXT 2019"]
[Source "ChessBase"]
[SourceDate "2018.10.10"]
[SourceVersion "1"]
[SourceVersionDate "2018.10.10"]
[SourceQuality "1"]

1. Nf3 d5 2. e3 Nf6 3. c4 e6 4. Nc3 Be7 5. b3 0-0 6. d4 b6 7. Bd3 Bb7 8. Bb2 dxc4 9. bxc4 Nbd7 10. 0-0 c5 11. d5 e5 12. Qc2 h6 13. a4 Ba6 14. Ra2 Bd6 15. Rfa1 Qe7 16. Nd2 Rfe8 17. a5 Bb7 18. Nde4 Nxe4 19. Nxe4 Nf6 20. Nxf6+ Qxf6 21. axb6 axb6 22. Rxa8 Rxa8 23. Rxa8+ Bxa8 24. Qa4 Qd8 25. Qa7 b5 26. e4 b4 27. Bc2 Qb8 28. Qxb8+ Bxb8 29. h4 Bb7 30. Bc1 Kf8 31. g3 Ke7 32. Kg2 Ba6 33. Bb3 Bc8 34. f4 Bg4 35. Be3 Ba7 36. fxe5 Be2 37. Kf2 Bd3 38. Kf3 Bb6 39. h5 Bb1 40. Kf4 Bd3 41. Kf5 Be2 42. g4 Bf3 43. Bf2 Be2 44. Bh4+ Ke8 45. d6 g6+ 46. hxg6 fxg6+ 47. Kxg6 Bxg4 48. Ba4+ Bd7 49. Bxd7+ Kxd7 50. Kf7 b3 51. e6+ Kxd6 52. Bg3+ Kc6 53. e7 b2 54. e8Q+ 1-0

[Event "Mazowiec-chT 1213"]
[Site "Poland"]
[Date "2013.01.27"]
[Round "5.12"]
[White "Borkowski, Adam"]
[Black "Pajak, Jakub Lech"]
[Result "1/2-1/2"]
[WhiteElo "1827"]
[BlackElo "1756"]
[PlyCount "94"]
[EventDate "2013.01.13"]
[EventType "team-tourn"]
[EventRounds "10"]
[EventCountry "POL"]
[SourceTitle "EXT 2019"]
[Source "ChessBase"]
[SourceDate "2018.10.10"]
[SourceVersion "1"]
[SourceVersionDate "2018.10.10"]
[SourceQuality "1"]

1. c4 c5 2. Nc3 Nc6 3. Nf3 Nf6 4. g3 e6 5. Bg2 b6 6. b3 Bb7 7. Bb2 d5 8. cxd5 Nxd5 9. 0-0 Nf6 10. d3 Be7 11. Nd2 0-0 12. Nf3 a6 13. Rc1 Qc7 14. a3 Rad8 15. Qc2 Rd7 16. Na4 Rc8 17. Qb1 Qd8 18. Rc2 Na5 19. Ba1 b5 20. Nc3 Nc6 21. Rfc1 Nd4 22. Nxd4 cxd4 23. Bxb7 Rxb7 24. Nd5 Rxc2 25. Nxe7+ Qxe7 26. Rxc2 e5 27. Rc8+ Ne8 28. Qc2 Qd7 29. Bb2 f6 30. e3 dxe3 31. fxe3 Kf7 32. Rc6 Rc7 33. Rxc7 Qxc7 34. Qxc7+ Nxc7 35. Kf2 Ke6 36. e4 g6 37. Ke3 Kd6 38. Bc3 f5 39. h3 Ke6 40. g4 Ne8 41. exf5+ gxf5 42. gxf5+ Kxf5 43. d4 exd4+ 44. Kxd4 Nd6 45. Be1 Ne4 46. a4 bxa4 47. bxa4 Ng5 1/2-1/2

[Event "POL-ch Amateur"]
[Site "Wroclaw"]
[Date "2013.??.??"]
[Round "5"]
[White "Borkowski, Adam"]
[Black "Rydlewski, Marek"]
[Result "1-0"]
[WhiteElo "1813"]
[BlackElo "1574"]
[PlyCount "117"]
[EventDate "2013.06.??"]
[EventType "swiss"]
[EventRounds "9"]
[EventCountry "POL"]
[SourceTitle "EXT 2014"]
[Source "ChessBase"]
[SourceDate "2013.11.20"]
[SourceVersion "1"]
[SourceVersionDate "2013.11.20"]
[SourceQuality "1"]

1. c4 Nf6 2. Nc3 c5 3. Nf3 g6 4. g3 Bg7 5. Bg2 0-0 6. 0-0 Nc6 7. a3 a6 8. Rb1 d6 9. b4 cxb4 10. axb4 Bf5 11. d3 Nd7 12. Bd2 Rb8 13. b5 Nce5 14. Nxe5 Nxe5 15. bxa6 bxa6 16. Qa4 Qc7 17. Nd5 Qd8 18. Rxb8 Qxb8 19. Nxe7+ Kh8 20. Nxf5 gxf5 21. Qxa6 Qb2 22. Qa5 Ng6 23. Qb4 Qa2 24. Bf3 Ne5 25. Bc3 Rd8 26. Bxe5 dxe5 27. Qb1 Qa6 28. Bd5 Qg6 29. Qb7 Rf8 30. Ra1 f4 31. Ra8 fxg3 32. hxg3 f5 33. Rxf8+ Bxf8 34. Qf7 Qxf7 35. Bxf7 Kg7 36. Be6 Kf6 37. Bc8 Bc5 38. Kg2 Kg5 39. e3 h6 40. f4+ exf4 41. gxf4+ Kf6 42. d4 Bb4 43. c5 h5 44. Bb7 Ke6 45. Kf2 h4 46. Bg2 Bd2 47. Ke2 Bc1 48. Kd3 Kd7 49. Bh3 Ke6 50. e4 Bxf4 51. Bxf5+ Ke7 52. e5 Kd8 53. Ke4 Bg5 54. d5 Kc7 55. c6 Be7 56. d6+ Bxd6 57. exd6+ Kxd6 58. Bd7 h3 59. Kf3 1-0

[Event "Mazowiec-chT op Autumn"]
[Site "Poland"]
[Date "2012.10.21"]
[Round "4.25"]
[White "Rozycki, Bartlomiej"]
[Black "Borkowski, Adam"]
[Result "1-0"]
[WhiteElo "1935"]
[BlackElo "1796"]
[PlyCount "43"]
[EventDate "2012.10.14"]
[EventType "team-swiss"]
[EventRounds "8"]
[EventCountry "POL"]
[SourceTitle "EXT 2019"]
[Source "ChessBase"]
[SourceDate "2018.10.10"]
[SourceVersion "1"]
[SourceVersionDate "2018.10.10"]
[SourceQuality "1"]

1. e4 c5 2. Nf3 Nc6 3. Bb5 Nf6 4. Nc3 e6 5. e5 Nd5 6. Ne4 Qc7 7. Bxc6 Qxc6 8. 0-0 b6 9. d4 Ba6 10. Re1 f5 11. exf6 gxf6 12. dxc5 Bxc5 13. c4 Bxc4 14. Bh6 Bb4 15. Rc1 Qb5 16. Rxc4 Qxc4 17. Bg7 0-0-0 18. Bxh8 Rxh8 19. a3 Be7 20. Qd2 Kb7 21. Nc3 Qf4 22. Nxd5 1-0

[Event "Mazowiec-chT 1112"]
[Site "Poland"]
[Date "2012.02.05"]
[Round "5.26"]
[White "Jadachowski, Tomasz"]
[Black "Borkowski, Adam"]
[Result "1-0"]
[WhiteElo "2019"]
[BlackElo "1793"]
[PlyCount "87"]
[EventDate "2012.01.08"]
[EventType "team-tourn"]
[EventRounds "10"]
[EventCountry "POL"]
[SourceTitle "EXT 2019"]
[Source "ChessBase"]
[SourceDate "2018.10.10"]
[SourceVersion "1"]
[SourceVersionDate "2018.10.10"]
[SourceQuality "1"]

1. d4 d5 2. c4 dxc4 3. e3 Nf6 4. Bxc4 e6 5. Nf3 c5 6. 0-0 a6 7. a4 Nc6 8. Nc3 Be7 9. Qe2 Qc7 10. Rd1 0-0 11. e4 cxd4 12. Nxd4 Nxd4 13. Rxd4 e5 14. Rd1 Bg4 15. f3 Bc5+ 16. Kh1 Bh5 17. Bg5 Bd4 18. Bxf6 Bxc3 19. Bxg7 Bxb2 20. Bxf8 Bxa1 21. Bh6 Bd4 22. Bd5 Rb8 23. g4 Qd6 24. Be3 Bg6 25. Bxd4 exd4 26. Rxd4 Qf6 27. e5 Qb6 28. Rd2 Re8 29. f4 h5 30. gxh5 Bf5 31. Qf3 Rd8 32. h3 Qb4 33. Rg2+ Kh8 34. Qg3 Qf8 35. Qg5 Bd3 36. Qf6+ Kh7 37. Bxf7 b5 38. Bg6+ Bxg6 39. hxg6+ Kg8 40. Qe6+ Kg7 41. f5 bxa4 42. f6+ Kh6 43. Qg4 a3 44. Qh4# 1-0

[Event "Warsaw YMCA Autumn-C 82nd"]
[Site "Warsaw"]
[Date "2010.09.22"]
[Round "1"]
[White "Koziol, Pawel"]
[Black "Borkowski, Adam"]
[Result "1-0"]
[WhiteElo "1814"]
[BlackElo "1854"]
[PlyCount "87"]
[EventDate "2010.09.22"]
[EventType "tourn"]
[EventRounds "13"]
[EventCountry "POL"]
[SourceTitle "EXT 2019"]
[Source "ChessBase"]
[SourceDate "2018.10.10"]
[SourceVersion "1"]
[SourceVersionDate "2018.10.10"]
[SourceQuality "1"]

1. e4 c5 2. Nf3 Nc6 3. d4 cxd4 4. Nxd4 e5 5. Nb5 d6 6. N1c3 a6 7. Na3 b5 8. Nd5 f5 9. Bg5 Be7 10. Nxe7 Ngxe7 11. exf5 Bxf5 12. Be2 0-0 13. 0-0 Qc7 14. Re1 Nd4 15. c3 Ne6 16. Bxe7 Qxe7 17. Bf3 Rad8 18. Bd5 Kh8 19. Bxe6 Bxe6 20. Nc2 Rf4 21. Ne3 Rdf8 22. Re2 Bg4 23. f3 Be6 24. Nd5 Qa7+ 25. Kh1 R4f7 26. Qd3 Bxd5 27. Qxd5 Rf6 28. h3 g5 29. Qd2 Qg7 30. a4 h5 31. Re4 Qf7 32. axb5 axb5 33. Qe3 Rg8 34. Ra7 Qd5 35. Qe2 Qc5 36. Rb7 g4 37. fxg4 Rgf8 38. Re3 Rf1+ 39. Kh2 e4 40. Rxb5 Qc7 41. Rxh5+ Kg7 42. Rxe4 d5+ 43. Ree5 Qc5 44. Qe3 1-0

[Event "Kowalewo Pomorskie op-B 17th"]
[Site "Kowalewo Pomorskie"]
[Date "2010.07.05"]
[Round "2"]
[White "Zakrzewski, Marek"]
[Black "Borkowski, Adam"]
[Result "1/2-1/2"]
[WhiteElo "1991"]
[BlackElo "1827"]
[PlyCount "60"]
[EventDate "2010.07.04"]
[EventType "swiss"]
[EventRounds "9"]
[EventCountry "POL"]
[SourceTitle "EXT 2011"]
[Source "ChessBase"]
[SourceDate "2010.11.26"]
[SourceVersion "1"]
[SourceVersionDate "2010.11.26"]
[SourceQuality "1"]

1. e4 c5 2. Nc3 Nc6 3. g3 g6 4. Bg2 Bg7 5. d3 d6 6. Be3 f5 7. Qd2 Nf6 8. h3 fxe4 9. dxe4 Be6 10. f4 Qa5 11. Nge2 0-0-0 12. Nd5 Qxd2+ 13. Bxd2 Bf7 14. Bc3 Rhf8 15. 0-0-0 Bg8 16. Rd3 e5 17. Rhd1 Nxd5 18. exd5 Nd4 19. Nxd4 exd4 20. Bd2 Rde8 21. Re1 Rxe1+ 22. Bxe1 Re8 23. Bf2 a6 24. Rd1 Kc7 25. Kd2 b5 26. b3 Kb6 27. Bf3 a5 28. Rb1 Bf7 29. Kd3 Bf6 30. Be4 Kc7 1/2-1/2

[Event "Milanowek-ch"]
[Site "Milanowek"]
[Date "2010.06.30"]
[Round "5"]
[White "Rozycki, Bartlomiej"]
[Black "Borkowski, Adam"]
[Result "1/2-1/2"]
[WhiteElo "1740"]
[BlackElo "1827"]
[PlyCount "71"]
[EventDate "2010.06.26"]
[EventType "swiss"]
[EventRounds "9"]
[EventCountry "POL"]
[SourceTitle "EXT 2011"]
[Source "ChessBase"]
[SourceDate "2010.11.26"]
[SourceVersion "1"]
[SourceVersionDate "2010.11.26"]
[SourceQuality "1"]

1. e4 c5 2. c3 Nc6 3. d4 cxd4 4. cxd4 e6 5. Nc3 d5 6. e5 f5 7. f4 Bb4 8. Nf3 Nge7 9. Qc2 Ng6 10. g3 Bd7 11. Bb5 Rc8 12. Bxc6 Rxc6 13. Bd2 0-0 14. Qb3 Qb6 15. Kf2 Bxc3 16. Qxb6 Rxb6 17. Bxc3 Rc8 18. Ke3 Ne7 19. Kd2 h6 20. Rhc1 Kf7 21. b3 Nc6 22. Bb2 a5 23. Ba3 a4 24. Rab1 Ra8 25. Bc5 Rba6 26. b4 b5 27. Rc3 Rc8 28. a3 Ne7 29. Rbc1 Rac6 30. Ne1 Ng8 31. Nf3 Ne7 32. Ng1 Ng6 33. Ne2 Nh8 34. R3c2 Rg8 35. Nc3 Rcc8 36. Ke3 1/2-1/2

[Event "Mazowiec-chT op 0910"]
[Site "Mazowsze"]
[Date "2010.03.14"]
[Round "9.5"]
[White "Borkowski, Adam"]
[Black "Szymanski, Andrzej1111"]
[Result "0-1"]
[WhiteElo "1775"]
[BlackElo "2217"]
[PlyCount "66"]
[EventDate "2009.11.29"]
[EventType "team-tourn"]
[EventRounds "10"]
[EventCountry "POL"]
[SourceTitle "EXT 2011"]
[Source "ChessBase"]
[SourceDate "2010.11.26"]
[SourceVersion "1"]
[SourceVersionDate "2010.11.26"]
[SourceQuality "1"]

1. c4 c5 2. Nc3 Nc6 3. g3 g6 4. Bg2 Bg7 5. Nf3 Nf6 6. 0-0 0-0 7. d4 cxd4 8. Nxd4 Nxd4 9. Qxd4 d6 10. e4 Be6 11. Qd3 Nd7 12. b3 Qa5 13. Bd2 Qh5 14. f4 Bg4 15. Rae1 Nc5 16. Qc2 Ne6 17. Be3 a6 18. Qd2 b5 19. cxb5 Bxc3 20. Qxc3 axb5 21. Qb2 Nc5 22. Bxc5 Qxc5+ 23. Qf2 Rxa2 24. Qxc5 dxc5 25. Rc1 Rc8 26. f5 Rd2 27. Bf3 Bh3 28. fxg6 Bxf1 29. gxf7+ Kxf7 30. Rxf1 Kg7 31. Rc1 c4 32. Bg4 Rc6 33. Bd7 Rxd7 0-1

[Event "Mazowiec-chT op 0910"]
[Site "Mazowsze"]
[Date "2010.02.21"]
[Round "7.5"]
[White "Borkowski, Adam"]
[Black "Kurpiewski, Slawomir"]
[Result "1/2-1/2"]
[WhiteElo "1775"]
[BlackElo "2212"]
[PlyCount "89"]
[EventDate "2009.11.29"]
[EventType "team-tourn"]
[EventRounds "10"]
[EventCountry "POL"]
[SourceTitle "EXT 2011"]
[Source "ChessBase"]
[SourceDate "2010.11.26"]
[SourceVersion "1"]
[SourceVersionDate "2010.11.26"]
[SourceQuality "1"]

1. c4 Nf6 2. Nc3 e5 3. Nf3 Nc6 4. d3 Bb4 5. Bd2 d5 6. cxd5 Nxd5 7. g3 Nb6 8. Bg2 Be6 9. a3 Be7 10. b4 Nd4 11. Nxd4 exd4 12. Ne4 Bd5 13. f3 g5 14. a4 h5 15. a5 Nd7 16. Qc1 Rg8 17. g4 Bxe4 18. fxe4 Ne5 19. 0-0 Bd6 20. Rf5 f6 21. a6 b6 22. b5 Rc8 23. Rxe5+ Bxe5 24. Qc4 Kf8 25. Bb4+ Kg7 26. gxh5 Qd7 27. Rf1 c5 28. Bd2 Qg4 29. h6+ Kxh6 30. Rf3 Kg6 31. h3 Qd7 32. Rf5 Qf7 33. Qc1 c4 34. Qf1 g4 35. h4 Rh8 36. h5+ Kg7 37. Bf4 Rc5 38. h6+ Kg8 39. Bxe5 Rxe5 40. Rxf6 Qe8 41. Qf4 Rh7 42. Qxg4+ Kh8 43. Qf4 Kg8 44. Qg4+ Kh8 45. Qf4 1/2-1/2

[Event "Mazowiec-chT op 0910"]
[Site "Mazowsze"]
[Date "2010.01.31"]
[Round "5.13"]
[White "Kozerski, Zbigniew"]
[Black "Borkowski, Adam"]
[Result "0-1"]
[WhiteElo "1957"]
[BlackElo "1775"]
[PlyCount "86"]
[EventDate "2009.11.29"]
[EventType "team-tourn"]
[EventRounds "10"]
[EventCountry "POL"]
[SourceTitle "EXT 2011"]
[Source "ChessBase"]
[SourceDate "2010.11.26"]
[SourceVersion "1"]
[SourceVersionDate "2010.11.26"]
[SourceQuality "1"]

1. e4 c5 2. Nf3 Nc6 3. d4 cxd4 4. Nxd4 Nf6 5. Nc3 e5 6. Ndb5 a6 7. Nd6+ Bxd6 8. Qxd6 Qe7 9. Qxe7+ Nxe7 10. Bg5 b5 11. f3 Bb7 12. 0-0-0 d5 13. Bxf6 gxf6 14. exd5 0-0-0 15. d6 Nf5 16. Ne4 Bxe4 17. fxe4 Nxd6 18. Bd3 Rhg8 19. g3 Rg4 20. Rde1 Nb7 21. Bf1 Kc7 22. Bh3 Rg5 23. Bf5 h6 24. Re2 Nd6 25. Bh3 Ne8 26. Rf1 Rd6 27. Rf5 Kd8 28. Rff2 Ke7 29. c3 Rg8 30. Kc2 Ng7 31. b3 Ne6 32. Bxe6 fxe6 33. Rd2 Rh8 34. g4 Rxd2+ 35. Rxd2 Rg8 36. h3 h5 37. Rg2 Rg5 38. h4 Rg8 39. c4 hxg4 40. cxb5 axb5 41. h5 f5 42. h6 Rh8 43. Rh2 g3 0-1